| 000 | 00463 a2200169 4500 | ||
|---|---|---|---|
| 001 | 189429 | ||
| 020 | _a978-85-7631-173-7 | ||
| 040 | _cMagnum | ||
| 100 | _aCastro, André Dunham de | ||
| 240 | 1 | 0 |
_aCrise na Colômbia _lpor |
| 245 | 1 | 0 | _aCrise na Colômbia |
| 300 | _a152 | ||
| 362 | 0 | _a2009 | |
| 440 | 1 | _aFundação Alexandre de Gusmão | |
| 697 | _aRELALÇÕES INTERNACIONAIS, POLÍTICA MUNDIAL. POLÍTICA INTERNACIONAL. POLÍTICA EXTERNA | ||
| 942 | _cBK | ||
| 999 |
_c189429 _d189429 |
||